Plant cell structure and metabolism / (Record no. 23169)

MARC details
000 -LEADER
fixed length control field 00956nam a2200289 a 4500
001 - CONTROL NUMBER
control field 4245357
003 - CONTROL NUMBER IDENTIFIER
control field OSt
005 - DATE AND TIME OF LATEST TRANSACTION
control field 20211221134713.0
008 - FIXED-LENGTH DATA ELEMENTS--GENERAL INFORMATION
fixed length control field 830413t19821981enka b 001 0 eng
010 ## - LIBRARY OF CONGRESS CONTROL NUMBER
LC control number 83115513
020 ## - INTERNATIONAL STANDARD BOOK NUMBER
International Standard Book Number 058244408X (pbk.) :
Terms of availability £12.95
040 ## - CATALOGING SOURCE
Original cataloging agency DLC
Transcribing agency HU
Modifying agency DLC
050 00 - LIBRARY OF CONGRESS CALL NUMBER
Classification number QK725
Item number .H22 1982
082 00 - DEWEY DECIMAL CLASSIFICATION NUMBER
Classification number 581.87/2
Edition number 19
100 1# - MAIN ENTRY--PERSONAL NAME
Personal name Hall, J. L.
Fuller form of name (John Lloyd)
9 (RLIN) 23895
245 10 - TITLE STATEMENT
Title Plant cell structure and metabolism /
Statement of responsibility, etc. J.L. Hall, T.J. Flowers, R.M. Roberts.
250 ## - EDITION STATEMENT
Edition statement 2nd ed.
260 ## - PUBLICATION, DISTRIBUTION, ETC.
Place of publication, distribution, etc. London ;
-- New York :
Name of publisher, distributor, etc. Longman,
Date of publication, distribution, etc. 1982, c1981.
300 ## - PHYSICAL DESCRIPTION
Extent xii, 543 p. :
Other physical details ill. ;
Dimensions 25 cm.
504 ## - BIBLIOGRAPHY, ETC. NOTE
Bibliography, etc. note Includes bibliographies and index.
650 #0 - SUBJECT ADDED ENTRY--TOPICAL TERM
Topical term or geographic name entry element Plant cells and tissues.
9 (RLIN) 3988
650 #0 - SUBJECT ADDED ENTRY--TOPICAL TERM
Topical term or geographic name entry element Plants
General subdivision Metabolism.
9 (RLIN) 22616
700 1# - ADDED ENTRY--PERSONAL NAME
Personal name Flowers, T. J.
Fuller form of name (Timothy J.)
9 (RLIN) 23896
700 1# - ADDED ENTRY--PERSONAL NAME
Personal name Roberts, R. M.
Fuller form of name (Robert Michael),
Dates associated with a name 1940-
9 (RLIN) 23897
906 ## - LOCAL DATA ELEMENT F, LDF (RLIN)
a 7
b cbc
c orignew
d 2
e ncip
f 19
g y-gencatlg
942 ## - ADDED ENTRY ELEMENTS (KOHA)
Source of classification or shelving scheme Dewey Decimal Classification
Koha item type Books like text book referance book
Suppress in OPAC No
Holdings
Withdrawn status Lost status Source of classification or shelving scheme Damaged status Not for loan Collection code Home library Current library Shelving location Date acquired Full call number Barcode Date last seen Copy number Price effective from Koha item type Total Checkouts
    Dewey Decimal Classification     Reference Wondo Genet Library Wondo Genet Library General Stacks 12/21/2021 581.872 HAL 1982 WGCFNRL00009446 12/21/2021 1 12/21/2021 Books like text book referance book  
    Dewey Decimal Classification     Reference Wondo Genet Library Wondo Genet Library General Stacks 02/03/2022 581.872 HAL 1982 WGCFNRL00010096 02/03/2022 2 02/03/2022 Books like text book referance book